Statistics for Can you guess these flags?

Click here to take the quiz!

General Stats

  • This quiz has been taken 12 times
  • The average score is 8 of 17

Answer Stats

Answer% Correct
Austria
90%
Bavaria
80%
Hawaii
70%
Aland
60%
Basque
50%
Holy Roman Empire
50%
Kurdistan
50%
Sardinia
50%
Abkhazia
40%
China
40%
Persia
40%
Spain
40%
British Columbia
20%
Burma
20%
San Juan
20%
Sao Paulo
20%
Donetsk
10%

Score Distribution

Percentile by Number Answered

Percent of People with Each Score

Your Score History

You have not taken this quiz